ÉQUIPE DE FRANCE: Liste des 23 bleus (Mars 2023) - Statistiques

Statistiques générales
  • Ce quiz a été pris 509 fois
  • Le résultat moyen est 20 sur 23
Statistiques - réponses
Poste Joueur Club % Correct
Gardien Mike Maignan AC Milan
98%
Attaquant Antoine Griezmann Atletico Madrid
94%
Attaquant Kylian Mbappé Paris Saint-Germain
94%
Gardien Alphonse Aréola West Ham
93%
Défenseur Theo Hernandez AC Milan
93%
Défenseur Benjamin Pavard Bayern Munich
92%
Attaquant Olivier Giroud AC Milan
92%
Milieu Aurélien Tchouaméni Real Madrid
89%
Défenseur Jules Koundé FC Barcelone
89%
Milieu Adrien Rabiot Juventus
88%
Défenseur Eduardo Camavinga Real Madrid
88%
Milieu Khéphren Thuram OGC Nice
88%
Attaquant Kingsley Coman Bayern Munich
88%
Attaquant Marcus Thuram Borussia Mönchengladbach
88%
Attaquant Randal Kolo Muani Eintracht Francfort
88%
Gardien Brice Samba RC Lens
87%
Défenseur Dayot Upamecano Bayern Munich
87%
Défenseur Ibrahima Konaté Liverpool
85%
Défenseur Wesley Fofana Chelsea
81%
Défenseur William Saliba Arsenal
81%
Milieu Youssouf Fofana AS Monaco
81%
Attaquant Moussa Diaby Bayer Leverkusen
70%
Milieu Jordan Veretout Olympique de Marseille
64%
Aucun quiz correspondant
Distribution des résultats
% des personnes avec chaque résultat
Percentile par nombre de réponses
Votre historique - résultats
Vous n’avez pas pris ce quiz